[Event "Titled Tue 24th Jun Early"]
[Site "chess.com INT"]
[Date "2025.06.24"]
[Round "11"]
[White "Silva, Pedro Gil Ferreira Da"]
[Black "Nersisyan, Garnik"]
[Result "1-0"]
[WhiteTitle "FM"]
[BlackTitle "CM"]
[WhiteElo "2269"]
[BlackElo "2035"]
[WhiteFideId "1946102"]
[BlackFideId "13300741"]
[EventDate "2025.06.24"]

1. e4 e6 2. d4 d5 3. Nc3 dxe4 4. Nxe4 Nd7 5. Nf3 Be7 6. Bd3 Ngf6 7. O-O Nxe4 8.
Bxe4 Nf6 9. Bd3 O-O 10. Re1 b6 11. Qe2 Bb7 12. c3 c5 13. Be3 cxd4 14. Bxd4 Bc5
15. Bxc5 bxc5 16. Rad1 Qb6 17. Ne5 Rad8 18. Qc2 Rd5 19. Bc4 Rxd1 20. Rxd1 Rd8
21. f3 h6 22. Kf2 Qc7 23. Rxd8+ Qxd8 24. Nd3 Qd6 25. g3 g5 26. Qe2 g4 27. Qe5
Qxe5 28. Nxe5 gxf3 29. Bd3 Kg7 30. h3 Ne4+ 31. Bxe4 Bxe4 32. Nxf3 Bxf3 33. Kxf3
f5 34. b4 cxb4 35. cxb4 Kf6 36. a4 e5 37. g4 e4+ 38. Kf4 fxg4 39. hxg4 e3 40.
Kxe3 Ke5 41. b5 Kd5 42. Kd3 Ke5 43. a5 Kf4 44. b6 axb6 45. axb6 Kxg4 46. b7 h5
47. b8=Q h4 48. Qg8+ Kf3 49. Qf7+ Kg3 50. Ke3 h3 51. Qg6+ Kh2 52. Kf3 Kh1 53.
Qb1+ Kh2 54. Qa2+ Kh1 55. Qa1+ Kh2 56. Qb2+ Kh1 57. Qc1+ Kh2 58. Qd2+ Kh1 59.
Qe1+ Kh2 60. Qf2+ Kh1 61. Qf1+ Kh2 62. Qe2+ Kh1 63. Qe5 Kg1 64. Kg3 Kf1 65. Qe3
h2 66. Qf2# 1-0

[Event "Titled Tue 24th Jun Early"]
[Site "chess.com INT"]
[Date "2025.06.24"]
[Round "11"]
[White "Pavlidou, Ekaterini"]
[Black "Marynychenko, Yehor"]
[Result "1/2-1/2"]
[WhiteTitle "WIM"]
[BlackTitle "CM"]
[WhiteElo "2198"]
[BlackElo "2183"]
[WhiteFideId "4213262"]
[BlackFideId "34160558"]
[EventDate "2025.06.24"]

1. d4 e6 2. c4 d5 3. Nf3 Nf6 4. Bg5 Be7 5. e3 O-O 6. Nc3 c6 7. Bd3 Nbd7 8. O-O
h6 9. Bh4 c5 10. Rc1 dxc4 11. Bxc4 cxd4 12. exd4 Nb6 13. Bb3 Nfd5 14. Bg3 Bd7
15. Ne5 Be8 16. Re1 Bd6 17. Nd3 Bxg3 18. hxg3 Nxc3 19. bxc3 Bc6 20. Ne5 Rc8 21.
Qd3 Nd5 22. Bc2 Nf6 23. g4 Qd5 24. f3 Bb5 25. Qd2 Rfd8 26. a4 Be8 27. Qd3 g6 28.
Rb1 Nd7 29. Qe3 Nxe5 30. dxe5 Qd2 31. Qxd2 Rxd2 32. Be4 Rxc3 33. Rxb7 Bxa4 34.
Rxa7 Bb3 35. Kh2 Bd5 36. Bxd5 Rxd5 37. Rb1 Rd2 38. Rbb7 Rcc2 39. Rxf7 Rxg2+ 40.
Kh3 Rh2+ 41. Kg3 Rcg2+ 42. Kf4 g5+ 43. Ke3 Re2+ 44. Kd4 Rd2+ 45. Kc5 Rd5+ 46.
Kc6 Rc2+ 47. Kb6 Rb2+ 48. Kc6 Rc2+ 49. Kb6 Rb2+ 50. Kc6 Rc2+ 1/2-1/2

[Event "Titled Tue 24th Jun Early"]
[Site "chess.com INT"]
[Date "2025.06.24"]
[Round "11"]
[White "Saiz Rodriguez, Daniel Evelio"]
[Black "Souleidis, Georgios"]
[Result "0-1"]
[WhiteTitle "FM"]
[BlackTitle "IM"]
[WhiteElo "2187"]
[BlackElo "2418"]
[WhiteFideId "3523420"]
[BlackFideId "4206827"]
[EventDate "2025.06.24"]

1. c4 Nf6 2. Nc3 g6 3. g3 Bg7 4. Bg2 O-O 5. Nf3 d6 6. O-O Nc6 7. d3 e5 8. Rb1 h6
9. b4 Be6 10. b5 Ne7 11. Nd2 Qc8 12. Re1 d5 13. cxd5 Nexd5 14. Nxd5 Nxd5 15. Bb2
Qd7 16. Nc4 f6 17. a4 Rfd8 18. Qc2 a6 19. d4 exd4 20. Qxg6 Bf5 21. Qh5 Bxb1 22.
Rxb1 axb5 23. Nd2 Nc3 24. Re1 bxa4 25. Ne4 Qe8 26. Qf5 Qe5 27. Qg6 f5 28. Nxc3
dxc3 29. Bc1 Qf6 30. Qh5 a3 31. e4 a2 32. e5 Qf7 33. Qf3 a1=Q 34. e6 Qxe6 0-1

[Event "Titled Tue 24th Jun Early"]
[Site "chess.com INT"]
[Date "2025.06.24"]
[Round "11"]
[White "Grandelius, Nils"]
[Black "Ter-Sahakyan, Samvel"]
[Result "1-0"]
[WhiteTitle "GM"]
[BlackTitle "GM"]
[WhiteElo "2643"]
[BlackElo "2611"]
[WhiteFideId "1710400"]
[BlackFideId "13302531"]
[EventDate "2025.06.24"]

1. d4 d5 2. Nf3 Nf6 3. e3 c5 4. Nbd2 cxd4 5. exd4 Qc7 6. c3 Bg4 7. h3 Bh5 8. Bd3
e6 9. O-O Bd6 10. Re1 Nbd7 11. Qe2 O-O 12. Qe3 Bf4 13. Qe2 Rfe8 14. Qf1 a6 15.
a4 Rad8 16. a5 Bxd2 17. Nxd2 e5 18. Nb3 e4 19. Be2 Bxe2 20. Qxe2 Nf8 21. Bg5 Qc6
22. Nc5 N8d7 23. b4 h6 24. Bh4 Rc8 25. Rab1 e3 26. fxe3 Ne4 27. Qg4 Nf8 28. Rbc1
Ng6 29. Rf1 Nxc5 30. bxc5 Re4 31. Rf4 Nxf4 32. exf4 Rce8 33. Rb1 R8e6 34. Rb6
Qd7 35. Bf6 g6 36. c6 Qc8 37. cxb7 Qb8 38. Be5 R6xe5 39. dxe5 1-0

[Event "Titled Tue 24th Jun Early"]
[Site "chess.com INT"]
[Date "2025.06.24"]
[Round "11"]
[White "Chernov, Alexander A."]
[Black "Sargissyan, Sargis"]
[Result "1/2-1/2"]
[WhiteTitle "FM"]
[BlackTitle "FM"]
[WhiteElo "2314"]
[BlackElo "2206"]
[WhiteFideId "4152492"]
[BlackFideId "13303210"]
[EventDate "2025.06.24"]

1. d4 Nf6 2. Nc3 e6 3. e4 d5 4. Bg5 Be7 5. e5 Nfd7 6. Bxe7 Qxe7 7. f4 a6 8. Nf3
c5 9. Qd2 Nc6 10. dxc5 Qxc5 11. Bd3 b5 12. Qf2 Bb7 13. Qxc5 Nxc5 14. O-O-O Rc8
15. Kb1 Ke7 16. Ne2 Ne4 17. Rhf1 Nb4 18. Ned4 g6 19. a3 Nxd3 20. cxd3 Nc5 21.
Rd2 h5 22. g3 Bc6 23. Rc1 Bd7 24. Ne1 Na4 25. Rdc2 Rxc2 26. Rxc2 Rc8 27. Rxc8
Bxc8 28. Kc2 Kd7 29. Kb3 Kc7 30. Kc2 Bd7 31. Nef3 Nc5 32. b4 Na4 33. Ne2 Bc6 34.
Nfd4 Kd7 35. Ng1 Kc7 36. Ngf3 Be8 37. Ng5 Nb6 38. Kc3 Nc8 39. Nb3 Nb6 40. Nc5
Na4+ 41. Nxa4 bxa4 42. Nf3 Kb6 43. Nd4 Kc7 44. Kd2 Kb6 45. Kc3 Bb5 46. Nc2 Kc6
47. Nd4+ Kb6 48. Kd2 Kc7 49. Nf3 Be8 50. Kc3 Kb6 51. Kd4 Kc6 52. Nd2 Kb6 53. Nb1
Kc6 54. Nc3 Kb6 55. Ne2 Kc6 56. Kc3 Kb6 57. Nd4 1/2-1/2

[Event "Titled Tue 24th Jun Early"]
[Site "chess.com INT"]
[Date "2025.06.24"]
[Round "11"]
[White "Ben Artzi, Ido"]
[Black "Gustafsson, Jan"]
[Result "0-1"]
[WhiteTitle "IM"]
[BlackTitle "GM"]
[WhiteElo "2339"]
[BlackElo "2591"]
[WhiteFideId "2810913"]
[BlackFideId "4625498"]
[EventDate "2025.06.24"]

1. d4 d5 2. c4 c5 3. cxd5 Qxd5 4. Nf3 cxd4 5. Nc3 Qa5 6. Nxd4 Nf6 7. Nb3 Qc7 8.
g3 e5 9. Bg2 Bb4 10. O-O Bxc3 11. bxc3 O-O 12. Ba3 Rd8 13. Qc2 Be6 14. Nc5 Bd5
15. e4 Bc4 16. Rfd1 Nbd7 17. Nd3 a5 18. Nb2 Be6 19. Bd6 Qc6 20. a4 Rac8 21. Rac1
Nc5 22. Bxe5 Bb3 23. Rxd8+ Rxd8 24. Qe2 Nxa4 25. Nxa4 Qxa4 26. Bxf6 gxf6 27.
Qg4+ Kf8 28. Qh4 Kg7 29. Qg4+ Kf8 30. Qf4 Qa3 31. Re1 Qd6 32. Qh6+ Kg8 33. h3 a4
34. c4 a3 35. c5 Qe5 36. f4 Qd4+ 37. Kh2 a2 38. e5 Qd3 39. Qxf6 h6 0-1

[Event "Titled Tue 24th Jun Early"]
[Site "chess.com INT"]
[Date "2025.06.24"]
[Round "11"]
[White "Estrada Nieto, Julian"]
[Black "Huseynova, Lala"]
[Result "1-0"]
[WhiteTitle "IM"]
[BlackTitle "WFM"]
[WhiteElo "2181"]
[BlackElo "2045"]
[WhiteFideId "5101018"]
[BlackFideId "13431781"]
[EventDate "2025.06.24"]

1. e4 c5 2. Nf3 d6 3. Bb5+ Bd7 4. Bxd7+ Qxd7 5. O-O Nf6 6. Qe2 Nc6 7. c3 e5 8.
d4 cxd4 9. cxd4 exd4 10. Rd1 Be7 11. Nxd4 Nxd4 12. Rxd4 O-O 13. Nc3 Qe6 14. Bg5
Rad8 15. Rad1 h6 16. Bf4 Ne8 17. h3 f5 18. Nd5 g5 19. Bc1 f4 20. Qg4 Qf7 21.
R4d3 Nf6 22. Nxf6+ Qxf6 23. b3 Qe5 24. Qf3 Bf6 25. Rd5 Qe6 26. Ba3 Be5 27. Qg4
Qxg4 28. hxg4 Rc8 29. Bxd6 Bxd6 30. Rxd6 Rc2 31. Rxh6 Rxa2 32. Rg6+ Kf7 33. Rxg5
Rc8 34. Rf5+ Ke6 35. Rxf4 Rc3 36. b4 Rb2 37. g5 Rxb4 38. Rd8 a5 39. g6 Rc7 40.
Rg4 Rh7 41. gxh7 1-0

[Event "Titled Tue 24th Jun Early"]
[Site "chess.com INT"]
[Date "2025.06.24"]
[Round "11"]
[White "Nikulina, Alena"]
[Black "Murthy, Pappu"]
[Result "1-0"]
[WhiteTitle "WFM"]
[WhiteElo "1875"]
[BlackElo "1838"]
[WhiteFideId "4172051"]
[BlackFideId "2013401"]
[EventDate "2025.06.24"]

1. e4 e5 2. Nf3 Nc6 3. Bb5 a6 4. Ba4 Nf6 5. O-O Be7 6. Re1 b5 7. Bb3 O-O 8. c3
d5 9. exd5 Nxd5 10. Nxe5 Nxe5 11. Rxe5 Nb6 12. d4 Bd6 13. Bg5 Qd7 14. Re1 Bb7
15. Nd2 Rfe8 16. Qh5 Qf5 17. Qh4 h6 18. Be3 Nd5 19. Nf1 Qg6 20. Ng3 Nxe3 21.
fxe3 a5 22. Re2 a4 23. Bc2 Bxg3 24. hxg3 Qg5 25. Qf4 Re7 26. Kf2 Rae8 27. Qxg5
hxg5 28. Bd3 Bc6 29. Rae1 Re6 30. e4 g6 31. d5 Rf6+ 32. Ke3 Bxd5 33. Kd4 Bc6 34.
Re3 Rf2 35. R1e2 Rxe2 36. Rxe2 Bd7 37. c4 c6 38. cxb5 cxb5 39. Kc5 Rb8 40. a3
Be6 41. e5 1-0

[Event "Titled Tue 24th Jun Early"]
[Site "chess.com INT"]
[Date "2025.06.24"]
[Round "11"]
[White "Xiong, Jeffery"]
[Black "Carlsen, Magnus"]
[Result "0-1"]
[WhiteTitle "GM"]
[BlackTitle "GM"]
[WhiteElo "2639"]
[BlackElo "2837"]
[WhiteFideId "2047640"]
[BlackFideId "1503014"]
[EventDate "2025.06.24"]

1. e4 g6 2. d4 d6 3. Nf3 Nf6 4. Nc3 Bg7 5. Be3 Nc6 6. Qd2 Bg4 7. Bb5 O-O 8. e5
dxe5 9. Bxc6 exd4 10. Nxd4 bxc6 11. Nxc6 Qe8 12. Ne5 Rd8 13. Qc1 Nd5 14. Nxg4
Nxc3 15. bxc3 Bxc3+ 16. Ke2 Qb5+ 17. Kf3 Qh5 18. Kg3 f5 19. Nh6+ Kg7 20. Qa3
Be5+ 21. f4 Bd6 22. Qc3+ Kxh6 23. Kf2 e5 24. fxe5+ f4 25. Bd4 Be7 26. h4 c5 27.
Bxc5 Bxc5+ 28. Qxc5 Rd2+ 29. Kg1 Rfd8 30. Rf1 Qg4 31. Rh2 Rd1 32. Qc3 Qe2 33.
Qf3 Rxf1+ 34. Qxf1 Rd1 35. Qxd1 Qxd1+ 36. Kf2 Qd2+ 0-1

[Event "Titled Tue 24th Jun Early"]
[Site "chess.com INT"]
[Date "2025.06.24"]
[Round "11"]
[White "Bortnyk, Olexandr"]
[Black "Kezin, Roman"]
[Result "1-0"]
[WhiteTitle "GM"]
[BlackTitle "IM"]
[WhiteElo "2601"]
[BlackElo "2471"]
[WhiteFideId "14120828"]
[BlackFideId "24124621"]
[EventDate "2025.06.24"]

1. d4 d5 2. Nc3 Nf6 3. Bf4 e6 4. Nb5 Na6 5. e3 Be7 6. Nf3 O-O 7. Ne5 c6 8. Nc3
c5 9. Bxa6 bxa6 10. O-O Bb7 11. a3 Rc8 12. Na4 Ne4 13. f3 Nf6 14. Bg3 cxd4 15.
exd4 a5 16. c3 Ne8 17. Re1 Ba6 18. b4 Nd6 19. Nc5 Bb5 20. a4 Be8 21. b5 Nc4 22.
Nxc4 dxc4 23. Na6 Qb6 24. Kh1 f6 25. d5 e5 26. f4 Bg6 27. fxe5 fxe5 28. Rxe5 Bf6
29. Re6 Qb7 30. Qd2 Bd3 31. Rc6 Qf7 32. d6 Bxc3 33. Qd1 Rxc6 34. bxc6 Bxa1 35.
h3 Bd4 36. d7 Qe6 37. Nb8 Bb6 38. c7 Be4 39. Qg4 Qxg4 40. hxg4 Rf1+ 41. Kh2 Bxc7
42. Bxc7 Rd1 43. d8=Q+ Rxd8 44. Bxd8 c3 45. Bxa5 c2 46. Bd2 Bb7 47. Nd7 Bc6 48.
Nc5 Kf7 49. Kg3 Ke7 50. a5 Kd6 51. Nd3 Bb5 52. Nb4 Kc5 53. Nxc2 Kc4 54. Ne1 Bc6
55. Nf3 1-0

[Event "Titled Tue 24th Jun Early"]
[Site "chess.com INT"]
[Date "2025.06.24"]
[Round "11"]
[White "Rahmilevitz, Anton"]
[Black "Toktomushev, Teimur"]
[Result "0-1"]
[BlackTitle "FM"]
[WhiteElo "2243"]
[BlackElo "2390"]
[WhiteFideId "2809699"]
[BlackFideId "14176726"]
[EventDate "2025.06.24"]

1. e4 c5 2. Nf3 e6 3. c4 Nc6 4. Nc3 Nd4 5. Nxd4 cxd4 6. Ne2 e5 7. d3 Bb4+ 8. Bd2
Bxd2+ 9. Qxd2 d6 10. g3 h5 11. f4 h4 12. Bg2 Bg4 13. O-O hxg3 14. hxg3 Nf6 15.
c5 Nh5 16. Bf3 Bh3 17. Bg2 Qd7 18. cxd6 exf4 19. Nxf4 Bxg2 20. Qxg2 Qxd6 21. e5
Qd7 22. e6 fxe6 23. Nxe6 Nf6 24. Rae1 Kf7 25. Qf3 Rae8 26. Ng5+ Kg6 27. Rxe8
Rxe8 28. Qf4 Nd5 29. Nf3 Nxf4 30. Nh4+ Kh7 31. gxf4 Qg4+ 32. Ng2 Re2 33. Rf2
Rxf2 34. Kxf2 Qd1 35. Kg3 Qxd3+ 36. Kh4 Qe2 37. Kg3 d3 0-1

[Event "Titled Tue 24th Jun Early"]
[Site "chess.com INT"]
[Date "2025.06.24"]
[Round "11"]
[White "Firouzja, Alireza"]
[Black "Murzin, Volodar"]
[Result "1-0"]
[WhiteTitle "GM"]
[BlackTitle "GM"]
[WhiteElo "2766"]
[BlackElo "2666"]
[WhiteFideId "12573981"]
[BlackFideId "44155573"]
[EventDate "2025.06.24"]

1. d4 d5 2. Nf3 Nf6 3. Bg5 Bf5 4. Bxf6 exf6 5. e3 c6 6. Bd3 Be6 7. O-O Nd7 8.
Nbd2 f5 9. c4 Nf6 10. cxd5 Nxd5 11. Rc1 Be7 12. Nb3 O-O 13. Nc5 Bxc5 14. Rxc5
Qf6 15. a3 Rfd8 16. Qc2 g6 17. h3 Nc7 18. Bc4 Bxc4 19. Qxc4 Qe6 20. Qc2 Nd5 21.
b4 a6 22. Rb1 Re8 23. a4 f4 24. e4 Qxe4 25. Qxe4 Rxe4 26. b5 axb5 27. axb5 Re6
28. Ne5 Ne7 29. bxc6 bxc6 30. Rb7 Rd8 31. Nf3 Nf5 32. Ng5 Re1+ 33. Kh2 Nd6 34.
Rc7 Nb5 35. Nxf7 Rxd4 36. Nh6+ Kf8 37. Rxh7 Rdd1 38. Rf7+ Ke8 39. Rxf4 Nd4 40.
Rf6 Ne2 41. Re5+ Kd8 42. g4 Rh1+ 43. Kg2 Nd4 44. Kg3 Rhg1+ 45. Kh4 Rd3 46. Nf7+
Kc7 47. Ng5 Nf5+ 48. gxf5 Rd4+ 49. Re4 1-0

[Event "Titled Tue 24th Jun Early"]
[Site "chess.com INT"]
[Date "2025.06.24"]
[Round "11"]
[White "Tan, Zhongyi"]
[Black "Milanovic, Vojislav"]
[Result "1-0"]
[WhiteTitle "GM"]
[BlackTitle "IM"]
[WhiteElo "2546"]
[BlackElo "2293"]
[WhiteFideId "8603642"]
[BlackFideId "905046"]
[EventDate "2025.06.24"]

1. e4 e6 2. d4 c5 3. Nc3 cxd4 4. Qxd4 Nc6 5. Qd2 Bc5 6. b3 Nf6 7. Bb2 Qe7 8. a3
d5 9. Bd3 O-O 10. Nf3 a6 11. O-O dxe4 12. Nxe4 Nxe4 13. Bxe4 f5 14. Bxc6 bxc6
15. Rfe1 Bd7 16. Rad1 Rad8 17. b4 Bb6 18. Ne5 Be8 19. Qe2 Rxd1 20. Rxd1 a5 21.
Qa6 Qc7 22. Nc4 Bh5 23. Re1 Ba7 24. Be5 Qf7 25. Nxa5 f4 26. Nxc6 Bxf2+ 27. Kxf2
f3 28. g3 Kh8 29. Nd4 Qg6 30. Qd6 Rc8 31. c4 Bg4 32. Qd7 Rg8 33. h3 Bxh3 34.
Nxf3 Rf8 35. Re3 Qc2+ 36. Ke1 Qc1+ 37. Ke2 Qc2+ 38. Qd2 1-0

[Event "Titled Tue 24th Jun Early"]
[Site "chess.com INT"]
[Date "2025.06.24"]
[Round "11"]
[White "Suarez, Pedro"]
[Black "Tsiolakidis, Anastasios"]
[Result "1/2-1/2"]
[WhiteTitle "CM"]
[BlackTitle "FM"]
[WhiteElo "2066"]
[BlackElo "2298"]
[WhiteFideId "3007642"]
[BlackFideId "4201477"]
[EventDate "2025.06.24"]

1. d4 c5 2. d5 e5 3. c4 d6 4. Nc3 Be7 5. e4 Bg5 6. Bd3 Bxc1 7. Qxc1 Ne7 8. Nge2
O-O 9. O-O Ng6 10. f4 exf4 11. Nxf4 Ne5 12. Qe3 Nbd7 13. Rae1 a6 14. a4 Nxd3 15.
Nxd3 Ne5 16. Nxe5 dxe5 17. Qxc5 Bd7 18. Qe3 Qa5 19. Qg3 f6 20. h4 Bxa4 21. Ra1
Qb6+ 22. Qf2 Qxf2+ 23. Rxf2 Bb3 24. Ra3 Bxc4 25. b3 Bb5 26. Nxb5 axb5 27. Rxa8
Rxa8 28. Rc2 Ra3 29. Rc7 Rxb3 30. Rxb7 Kf8 31. Kf2 h5 32. Ke2 g5 33. hxg5 fxg5
34. Rh7 Rb2+ 35. Kf3 Rb3+ 36. Kf2 Rb2+ 37. Kg3 h4+ 38. Kh3 Rb3+ 39. Kg4 Rg3+ 40.
Kf5 Rxg2 41. Ke6 Kg8 42. Rh5 Kg7 43. d6 Kg6 44. Rh8 Kg7 45. Rb8 g4 46. d7 Rd2
47. Rxb5 g3 48. Rd5 Rxd5 49. exd5 g2 50. d8=Q g1=Q 51. Qf6+ Kh7 52. Qxh4+ Kg7
53. Qf6+ Kh7 54. d6 Qb6 55. Kf7 Qb3+ 56. Ke7 Qb4 57. Qxe5 Qa3 58. Kf7 Qa2+ 59.
Qe6 Qf2+ 60. Ke8 Qb6 61. Qf7+ Kh8 62. d7 Qd8+ 63. Kxd8 1/2-1/2

[Event "Titled Tue 24th Jun Early"]
[Site "chess.com INT"]
[Date "2025.06.24"]
[Round "11"]
[White "Ivannikov, Maksim"]
[Black "Aarav Sinha"]
[Result "1-0"]
[WhiteTitle "CM"]
[BlackTitle "FM"]
[WhiteElo "2184"]
[BlackElo "2255"]
[WhiteFideId "34275339"]
[BlackFideId "25674064"]
[EventDate "2025.06.24"]

1. e4 c5 2. Nf3 d6 3. d4 cxd4 4. Nxd4 Nf6 5. Nc3 a6 6. f3 e5 7. Nb3 Be7 8. Be3
Be6 9. Qd2 O-O 10. O-O-O a5 11. g4 a4 12. Na1 Nc6 13. g5 Ne8 14. Nd5 a3 15. b3
Bxd5 16. exd5 Nd4 17. Bxd4 exd4 18. h4 Rc8 19. Qxd4 Qa5 20. c4 b5 21. Nc2 bxc4
22. Bxc4 Nc7 23. Rhe1 Rfe8 24. Qg4 Rb8 25. Kb1 Bf8 26. Qd4 g6 27. Qd2 Qa7 28.
Nd4 Rxe1 29. Rxe1 Qc5 30. Nc6 Rb6 31. Rc1 Bg7 32. h5 Rxc6 33. dxc6 Qe5 34. Kc2
d5 35. Bd3 Ne6 36. Kd1 Qg3 37. h6 Bb2 38. Rc2 Qxf3+ 39. Be2 Qh1+ 40. Qe1 Qh2 41.
c7 Nxc7 42. Bg4 Qf4 43. Rxc7 Qxg4+ 44. Qe2 Qd4+ 45. Kc2 f5 46. Qe8# 1-0

[Event "Titled Tue 24th Jun Early"]
[Site "chess.com INT"]
[Date "2025.06.24"]
[Round "11"]
[White "Fernandes, Rogerio Paulo Muller"]
[Black "Oatlhotse, Providence"]
[Result "0-1"]
[BlackTitle "IM"]
[WhiteElo "2241"]
[BlackElo "2241"]
[WhiteFideId "2101599"]
[BlackFideId "11300507"]
[EventDate "2025.06.24"]

1. c4 c5 2. g3 Nc6 3. Bg2 g6 4. Nf3 Bg7 5. O-O b6 6. Nc3 Bb7 7. d3 d6 8. a3 Qd7
9. Rb1 Rd8 10. Bd2 e6 11. b4 Nge7 12. b5 Nd4 13. Nxd4 cxd4 14. Ne4 O-O 15. Bb4
Qc7 16. a4 h6 17. Qb3 d5 18. Nd2 dxc4 19. Nxc4 Bxg2 20. Bxe7 Ba8 21. Bxd8 Rxd8
22. f3 h5 23. Rbc1 Bh6 24. Rc2 h4 25. Kg2 Bd5 26. Qb2 Qe7 27. Ne5 Qg5 28. Nc6
Rd7 29. Nxd4 Bg7 30. Rc8+ Kh7 31. Qb4 Bxd4 32. e4 hxg3 33. Qxd4 e5 34. Qxd5 Rxd5
35. exd5 gxh2+ 36. Kxh2 Qd2+ 37. Kg1 Qxd3 38. Rc7 Qxd5 39. Rxa7 Kg7 40. Kg2 g5
41. Rc7 g4 0-1

[Event "Titled Tue 24th Jun Early"]
[Site "chess.com INT"]
[Date "2025.06.24"]
[Round "11"]
[White "Goncharov, Vladimir"]
[Black "Porozhnyak, Maya"]
[Result "1-0"]
[BlackTitle "WCM"]
[WhiteElo "2077"]
[BlackElo "1953"]
[WhiteFideId "34162256"]
[BlackFideId "34115843"]
[EventDate "2025.06.24"]

1. d4 c5 2. d5 f6 3. e4 e5 4. h4 d6 5. h5 a6 6. Be2 f5 7. exf5 Bxf5 8. Bg4 Qc8
9. Bxf5 Qxf5 10. Nc3 b5 11. Nge2 Nf6 12. Ng3 Qc8 13. Bg5 Be7 14. Bxf6 gxf6 15.
Qf3 Kd8 16. Nf5 Rg8 17. g4 Qd7 18. O-O-O Kc7 19. Ne4 Rf8 20. Nxc5 Qc8 21. Nxe7
Qe8 22. Ne6+ Kb7 23. Nxf8 Qxf8 24. Nf5 Nd7 25. Kb1 Rc8 26. Rhg1 Rc5 27. Ne3 Nb6
28. g5 Rc7 29. Qxf6 Rf7 30. Qxf7+ Qxf7 31. g6 hxg6 32. hxg6 Qg8 33. Nf5 Nd7 34.
Nxd6+ Kc7 35. Ne4 Qg7 36. Rg3 Nf8 37. a3 a5 38. d6+ Kd7 39. Nc5+ Kc6 40. d7 Nxd7
41. Nxd7 e4 42. Nf6 b4 43. axb4 axb4 44. Nxe4 b3 45. Rxb3 Qe5 46. Rg3 Qxe4 47.
g7 Qe2 48. Rdg1 1-0

[Event "Titled Tue 24th Jun Early"]
[Site "chess.com INT"]
[Date "2025.06.24"]
[Round "11"]
[White "Mishra, Manoj"]
[Black "Laddha, Shubh Jayesh"]
[Result "1-0"]
[WhiteTitle "CM"]
[BlackTitle "FM"]
[WhiteElo "1941"]
[BlackElo "2303"]
[WhiteFideId "5006007"]
[BlackFideId "30942799"]
[EventDate "2025.06.24"]

1. d4 d5 2. Nc3 Nf6 3. Bf4 c5 4. e4 Nxe4 5. Nxe4 dxe4 6. dxc5 Qa5+ 7. c3 Qxc5 8.
Qa4+ Nc6 9. Qxe4 g6 10. Qe3 Qa5 11. Bc4 Bg7 12. Nf3 O-O 13. O-O Bg4 14. Ng5 e5
15. Bg3 h6 16. Nf3 Rae8 17. Qe4 Bf5 18. Qd5 Qb6 19. Bb3 Rd8 20. Qc4 Bd3 21. Qg4
Bxf1 22. Rxf1 Rd6 23. h4 Na5 24. Nxe5 Nxb3 25. Nc4 Qc6 26. Bxd6 Rd8 27. axb3 b5
28. Be7 Re8 29. Na5 Qc7 30. Bb4 h5 31. Qf3 Qe5 32. Nc6 Qe6 33. Nxa7 Qxb3 34.
Nxb5 Qxb2 35. Nd6 Rf8 36. Ne4 Rc8 37. Ng5 Qb3 38. Qb7 Re8 39. Nf3 Qc2 40. Qc6
Rd8 41. Qb6 Rc8 42. Qa6 Rd8 43. Qa5 Re8 44. Qb5 Rd8 45. Qc4 Re8 46. Ng5 Qf5 47.
Qc6 Re2 48. Qa8+ 1-0

[Event "Titled Tue 24th Jun Early"]
[Site "chess.com INT"]
[Date "2025.06.24"]
[Round "11"]
[White "Burovic, Rijad"]
[Black "Calvo Gonzalez, Jose Felix"]
[Result "1-0"]
[WhiteTitle "IM"]
[BlackTitle "CM"]
[WhiteElo "2420"]
[BlackElo "2168"]
[WhiteFideId "14407701"]
[BlackFideId "54505615"]
[EventDate "2025.06.24"]

1. e4 c5 2. d3 e6 3. g3 d5 4. Nd2 Nc6 5. Bg2 Nf6 6. Ngf3 Be7 7. O-O Qc7 8. Re1
dxe4 9. dxe4 e5 10. c3 Be6 11. Qe2 Nd7 12. Nc4 b5 13. Ne3 a6 14. Nd5 Qb7 15.
Nxe7 Nxe7 16. Ng5 O-O 17. Nxe6 fxe6 18. Bh3 Qc6 19. Qg4 Rf6 20. Bg5 Rg6 21. Qh4
Nc8 22. Rad1 Ncb6 23. Be7 Nc8 24. Bg5 c4 25. Bg4 h6 26. Be3 Ncb6 27. h3 Rf6 28.
Qh5 Raf8 29. Rd2 Nc5 30. Qxe5 Nd3 31. Rxd3 cxd3 32. b3 Rd8 33. Rd1 Nc8 34. Bd4
Ne7 35. Bh5 Ng6 36. Bxg6 Rxg6 37. Rxd3 Rf6 38. Kg2 Rf7 39. Rf3 Rxf3 40. Qxg7# 1-0

[Event "Titled Tue 24th Jun Early"]
[Site "chess.com INT"]
[Date "2025.06.24"]
[Round "11"]
[White "Caku, Kler"]
[Black "Zeliantsova, Kseniya"]
[Result "1-0"]
[WhiteTitle "WFM"]
[BlackTitle "WFM"]
[WhiteElo "2010"]
[BlackElo "2062"]
[WhiteFideId "4704703"]
[BlackFideId "13512617"]
[EventDate "2025.06.24"]

1. e4 d6 2. d4 Nf6 3. Nc3 g6 4. Nf3 Bg7 5. h3 O-O 6. Be3 c6 7. Bd3 Qc7 8. O-O
Nbd7 9. Qd2 e5 10. dxe5 Nxe5 11. Nxe5 dxe5 12. Bh6 Be6 13. Bxg7 Kxg7 14. Qg5 h6
15. Qe3 Nh5 16. Ne2 b6 17. g4 Nf4 18. Nxf4 exf4 19. Qd4+ Kh7 20. Qf6 Rad8 21.
Rae1 c5 22. e5 c4 23. Be4 c3 24. b3 Rd2 25. Bxg6+ fxg6 26. Qxf8 Rxc2 27. Qd6 Qf7
28. Rc1 Rd2 29. Qb4 f3 30. Qxc3 Rd7 31. Qe3 h5 32. Qg5 hxg4 33. hxg4 Kg7 34. Rc8
Rd4 35. Qf6+ Qxf6 36. exf6+ Kxf6 37. Rf8+ Ke7 38. Rxf3 Rxg4+ 39. Rg3 Kf6 40.
Rxg4 Bxg4 41. Rc1 Bf5 42. Rc7 a5 43. Rc6+ Ke5 44. Rxb6 Kd4 45. Rb5 1-0

[Event "Titled Tue 24th Jun Early"]
[Site "chess.com INT"]
[Date "2025.06.24"]
[Round "11"]
[White "Toroptseva, Yevheniia"]
[Black "Frempong-Smart Daniel"]
[Result "1-0"]
[WhiteTitle "WFM"]
[BlackTitle "CM"]
[WhiteElo "2104"]
[BlackElo "1841"]
[WhiteFideId "34109374"]
[BlackFideId "12601659"]
[EventDate "2025.06.24"]

1. Nc3 d5 2. e4 d4 3. Nce2 c5 4. d3 Nc6 5. f4 e5 6. Nf3 f6 7. g3 Bd6 8. Bg2 Nge7
9. O-O Bg4 10. h3 Bh5 11. g4 Bf7 12. f5 h6 13. a3 a5 14. Bd2 Kd7 15. c3 a4 16.
c4 Qb6 17. Rb1 Qa6 18. b4 axb3 19. Rxb3 Rhb8 20. Qb1 b6 21. Qb2 Nc8 22. Ra1 Qa4
23. Rb1 Na5 24. Bxa5 Qxa5 25. Ne1 Ke7 26. Nc2 Be8 27. Kf2 Ba4 28. Nc1 Bxb3 29.
Nxb3 Qa4 30. Nd2 b5 31. cxb5 Nb6 32. Qa2 c4 33. Nxc4 Nxc4 34. dxc4 Bc5 35. Ke2
d3+ 36. Kxd3 Rd8+ 37. Ke2 Rd7 38. Rd1 Rxd1 39. Kxd1 Rd8+ 40. Ke2 Bb6 41. c5
Qxb5+ 42. Kf3 1-0